| 000 | 01073nam0a2200289 4500 | ||
|---|---|---|---|
| 001 | RU\NLR\b_ik\192757 | ||
| 005 | 20250616231202.0 | ||
| 010 |
_a978-5-9925-0694-5 _92000 |
||
| 035 | _a(NLR Aleph) 002265194 | ||
| 090 |
_a3874114 _c3874114 |
||
| 100 | _a20111207d2011 |||y0rusy50 ca | ||
| 101 | 0 | _afre | |
| 102 | _aRU | ||
| 105 | _aa ||||||||| | ||
| 200 | 1 |
_aUne vie _e[a novel _eкнига для чтения на французском языке] _fGuy de Maupassant _g[коммент. и слов.: О.П. Панайотти] |
|
| 210 |
_aСанкт-Петербург _cКАРО _d2011 |
||
| 215 |
_a380, [2] с. _cил. _d17 |
||
| 225 | 1 |
_aFrançais _iLittérature classigue |
|
| 300 | _aВ вып. дан.: Жизнь / Ги де Мопассан | ||
| 517 | 0 | _aЖизнь | |
| 606 | 1 |
_aФранцузский язык _jКниги для чтения _91524672 _3RU\NLR\AUTH\66964829 |
|
| 686 | 1 | _aШ147.11-93рус91 | |
| 700 | 1 |
_aMaupassant _bG. de _f1850-1893 _gGuy de _4070 |
|
| 801 | 0 |
_aRU _bNLR _c20111207 _gRCR |
|
| 942 | _cBOOK | ||
| 980 | _aNB | ||